| 000 | 005700000a22002170004500 | ||
|---|---|---|---|
| 003 | LK-CoMWRAF | ||
| 005 | 20230924064958.0 | ||
| 008 | 230817t ||||| |||| 00| 0 eng d | ||
| 020 | _a8171014933 | ||
| 040 |
_aLK-CoMWRAF _dLK-CoMWRAF _eLK-CoMWRAF |
||
| 041 | _aeng | ||
| 082 |
_a297.122 _bYAH |
||
| 100 | _aYahya, Harun | ||
| 245 | _aPrayer in the Qur'an | ||
| 260 |
_aNew Delhi : _bIdara Isha'at-e-Diniyat(P)Ltd, _c2004 |
||
| 300 | _a96p | ||
| 650 | _aPrayer in the Qur'anic Sense | ||
| 650 | _aTime and Place for Prayer | ||
| 650 | _aIslam-Qur'an | ||
| 942 | _cBK | ||
| 999 |
_c788 _d788 |
||